01348nam a2200337Ia 4500001001200000003000800012006001900020007001500039008004100054010001700095020001800112020003300130040002100163035002100184050002200205082001400227100002600241245015700267260004000424300002300464504006800487533015200555650002900707650002300736650003800759655002900797700002400826710001700850856012600867999001700993ebr10225295CaPaEBRm u cr cn|||||||||981020s1999 maua sb 001 0 eng d z 98049138  z9780262161817 z0262161818 (hc : alk. paper) aCaPaEBRcCaPaEBR a(OCoLC)56851287214aQ335b.P46 1999eb04a006.32211 aPfeifer, Rolf,d1947-10aUnderstanding intelligenceh[electronic resource] /cRolf Pfeifer and Christian Scheier ; with figures by Alex Riegler and cartoons by Isabelle Follath. aCambridge, MA :bMIT Press,cc1999. axx, 697 p. :bill. aIncludes bibliographical references (p. [659]-675) and indexes. aElectronic reproduction.bPalo Alto, Calif. :cebrary,d2009.nAvailable via World Wide Web.nAccess may be limited to ebrary affiliated libraries. 0aArtificial intelligence. 0aCognitive science. 0aExpert systems (Computer science) 7aElectronic books.2local1 aScheier, Christian.2 aebrary, Inc.40uhttp://site.ebrary.com/lib/rucke/Doc?id=10225295zAn electronic book accessible through the World Wide Web; click to view c27425d27425